00508nam a22001577a 45000010008000000030009000080050017000170070008000340080040000420400022000821000042001042450095001462600043002413000026002847000040003100011940DO-SdBNP20180216105442.00011940161208b 1989 cu||||| |||| 00| 0 spa d aBPMSUbspacBPMSU1 aGutiérrez Caballero, José Antonio1 aCon un garabato /cJosé Antonio Gutiérrez Caballero ; edición Norma Padilla Ceballos aLa Habana, Cuba :bGente Nueva,c1989. a48 p. :bil.,c28 cm.1 aPadilla Ceballos, Norma,eedición